000 00485nam a2200181Ia 4500
003 GCL
008 140319s9999 xx 000 0 eng d
020 _a0879520000
040 _aGCL /
_cGCL
082 0 4 _a892.76
_bN P
100 1 _aEDDY, MARY BAKER
245 1 0 _aSCIENCE AND HEALTH /
_cEDDY, MARY BAKER
260 _aنيويورك :
_bTHE FIRST CHURCH OF CHRIST, SCIENTIST ،
_c1998
300 _a16 CM ؛
_c2 VOLS.
650 0 4 _aSCIENCE
650 0 4 _aHEALTH
942 _2ddc
_cBK
999 _c12680
_d12680